000 00618nam a2200181 a 4500
001 000018960
005 20220328111526.0
008 100521s1984 dr c 000 0 spa d
040 _aDO-SdBNP
_bspa
_cBNPHU
082 _axxxx
_bP421d
100 1 _aPepén, Juan F.
_q (Juan Felix)
_913174
245 1 0 _aDonde floreció el naranjo. La Altagracia :
_borigen y significado de su culto /
_cMons. Juan F. Pepen.
250 _a3a ed.
260 _aSanto Domingo :
_b[s.n.],
_c1984.
300 _a83 p. :
_bil. ;
_c22 cm.
500 _aTextos de la Biblia de la traducción de L. Alonso Scköel y Juan Mateos
049 _aBNPD
999 _c18478
_d18478